[Event "Saint Affrique op 22nd"]
[Site "Saint Affrique"]
[Date "2014.07.25"]
[Round "8"]
[White "Herry, Serwan"]
[Black "Vignette, Jeanne"]
[Result "1/2-1/2"]
[WhiteElo "1936"]
[BlackElo "1758"]
[PlyCount "103"]
[EventDate "2014.07.19"]
[EventType "swiss"]
[EventRounds "9"]
[EventCountry "FRA"]
[SourceTitle "CBM 161 Extra"]
[Source "ChessBase"]
[SourceDate "2014.08.29"]
[SourceVersion "1"]
[SourceVersionDate "2014.08.29"]
[SourceQuality "1"]

1. d4 Nf6 2. c4 c5 3. d5 b5 4. cxb5 a6 5. e3 g6 6. Nc3 Bg7 7. a4 0-0 8. Nf3 Bb7 9. bxa6 Nxa6 10. Bc4 e6 11. e4 exd5 12. exd5 Re8+ 13. Be3 Ng4 14. Qd2 Nxe3 15. fxe3 Bh6 16. Nd1 Nb4 17. Kf2 Qe7 18. Re1 Qe4 19. b3 Ba6 20. Rc1 Bxc4 21. Rxc4 Qd3 22. Rc3 Qxd2+ 23. Nxd2 Bg7 24. Kf3 Bxc3 25. Nxc3 Nd3 26. Rd1 Ne5+ 27. Kg3 d6 28. Nde4 Red8 29. Nb5 Ra6 30. Kf4 g5+ 31. Kxg5 h6+ 32. Kf5 Ng6 33. g3 Kg7 34. h4 Ne7+ 35. Kf4 Kg6 36. g4 h5 37. gxh5+ Kxh5 38. Ng3+ Kg6 39. e4 f6 40. h5+ Kf7 41. Rh1 Rh8 42. Nf1 f5 43. Ne3 fxe4 44. Kxe4 Nc8 45. Rf1+ Ke7 46. Nf5+ Kd8 47. Ng7 Na7 48. Ne6+ Kc8 49. Na3 Rxh5 50. Rf8+ Kd7 51. Nc4 Rh4+ 52. Kf5 1/2-1/2

[Event "Saint Affrique op 22nd"]
[Site "Saint Affrique"]
[Date "2014.07.22"]
[Round "5"]
[White "Zachary, Matheo"]
[Black "Herry, Serwan"]
[Result "0-1"]
[WhiteElo "1701"]
[BlackElo "1936"]
[PlyCount "70"]
[EventDate "2014.07.19"]
[EventType "swiss"]
[EventRounds "9"]
[EventCountry "FRA"]
[SourceTitle "CBM 161 Extra"]
[Source "ChessBase"]
[SourceDate "2014.08.29"]
[SourceVersion "1"]
[SourceVersionDate "2014.08.29"]
[SourceQuality "1"]

1. e4 e6 2. d4 d5 3. Nd2 Be7 4. exd5 exd5 5. Ngf3 Nf6 6. Bd3 0-0 7. 0-0 c5 8. dxc5 Bxc5 9. Nb3 Bb6 10. Bg5 Nc6 11. h3 h6 12. Bh4 g5 13. Bg3 Ne4 14. Bxe4 dxe4 15. Ne5 f5 16. Nxc6 bxc6 17. Bd6 Rf7 18. Bc5 Ba6 19. Qxd8+ Rxd8 20. Bxb6 axb6 21. Rfd1 Rfd7 22. Rxd7 Rxd7 23. Re1 c5 24. c3 Kf7 25. f3 exf3 26. gxf3 f4 27. Kf2 Rd3 28. Re2 Rd1 29. Rd2 Rxd2+ 30. Nxd2 Ke6 31. Kg2 Ke5 32. h4 Bd3 33. hxg5 hxg5 34. Kf2 b5 35. b3 b4 0-1

[Event "Saint Affrique op 22nd"]
[Site "Saint Affrique"]
[Date "2014.07.19"]
[Round "1"]
[White "Pont, Frederic"]
[Black "Herry, Serwan"]
[Result "0-1"]
[WhiteElo "1527"]
[BlackElo "1936"]
[PlyCount "116"]
[EventDate "2014.07.19"]
[EventType "swiss"]
[EventRounds "9"]
[EventCountry "FRA"]
[SourceTitle "CBM 161 Extra"]
[Source "ChessBase"]
[SourceDate "2014.08.29"]
[SourceVersion "1"]
[SourceVersionDate "2014.08.29"]
[SourceQuality "1"]

1. Nf3 Nf6 2. b3 g6 3. Bb2 Bg7 4. c4 d6 5. Nc3 0-0 6. e3 e5 7. d3 c6 8. Qc2 Nbd7 9. 0-0-0 Qc7 10. Ba3 a6 11. d4 e4 12. Ne5 c5 13. Nxd7 Bxd7 14. dxc5 dxc5 15. Nd5 Nxd5 16. Rxd5 b6 17. Be2 Bc6 18. Rd2 a5 19. g3 a4 20. Bb2 axb3 21. axb3 Bxb2+ 22. Qxb2 Ra7 23. Rhd1 Rfa8 24. Rc2 Ra1+ 25. Kd2 Qd7+ 26. Ke1 Rxd1+ 27. Bxd1 Re8 28. h4 Qh3 29. Be2 Qh1+ 30. Bf1 Bd7 31. Rc1 Bh3 32. Qe2 Rd8 33. Ra1 h5 34. f3 exf3 35. Qf2 Re8 36. Kd2 Rd8+ 37. Kc3 Kg7 38. Re1 Bxf1 39. Rxf1 Qg2 40. Qxg2 fxg2 41. Rg1 Kf6 42. Rxg2 Ke5 43. Rf2 f5 44. Rf4 Rd1 45. e4 fxe4 46. Rf8 Rd3+ 47. Kc2 Rxg3 48. Re8+ Kf4 49. Re6 e3 50. Rf6+ Ke4 51. Rxb6 Kf3 52. Rf6+ Ke2 53. b4 Rg4 54. Kb3 Kd3 55. bxc5 e2 56. Rd6+ Rd4 57. Re6 Re4 58. Rd6+ Ke3 0-1

[Event "FRA-ch U16"]
[Site "Saint Paul Trois Chateaux"]
[Date "2013.05.05"]
[Round "8"]
[White "Herry, Serwan"]
[Black "Ek, Alexandre"]
[Result "1/2-1/2"]
[WhiteElo "1812"]
[BlackElo "1966"]
[PlyCount "81"]
[EventDate "2013.04.28"]
[EventType "swiss"]
[EventRounds "9"]
[EventCountry "FRA"]
[SourceTitle "CBM 154 Extra"]
[Source "ChessBase"]
[SourceDate "2013.06.25"]
[SourceVersion "2"]
[SourceVersionDate "2013.06.25"]
[SourceQuality "1"]

1. e4 c5 2. Nf3 Nc6 3. Bb5 g6 4. Bxc6 dxc6 5. d3 Bg7 6. h3 e5 7. Be3 Qe7 8. Qd2 b6 9. a3 Nf6 10. b4 c4 11. Qc3 Ba6 12. Nbd2 cxd3 13. Qxc6+ Qd7 14. Qxa8+ Ke7 15. Nxe5 Rxa8 16. Nxd7 Nxd7 17. Rc1 Bb2 18. 0-0 dxc2 19. Rxc2 Bxf1 20. Rxb2 Bd3 21. Rb3 Ba6 22. b5 Bb7 23. Rc3 Rc8 24. Rxc8 Bxc8 25. Nc4 f6 26. Bd4 Nf8 27. a4 Be6 28. Nd2 f5 29. exf5 Bxf5 30. Nc4 Nd7 31. Ne3 Be6 32. f4 Bb3 33. a5 Kd6 34. g4 Ba4 35. Nc4+ Kc7 36. axb6+ axb6 37. Na3 Kd6 38. Nc4+ Kc7 39. Na3 Kd6 40. Nc4+ Kc7 41. Na3 1/2-1/2

[Event "Mont de Marsan op 11th"]
[Site "Mont de Marsan"]
[Date "2011.12.27"]
[Round "3.2"]
[White "Milchev, Nikolay"]
[Black "Herry, Serwan"]
[Result "1-0"]
[WhiteElo "2424"]
[BlackElo "1728"]
[PlyCount "43"]
[EventDate "2011.12.??"]
[EventType "swiss"]
[EventRounds "7"]
[EventCountry "FRA"]
[SourceTitle "EXT 2014"]
[Source "ChessBase"]
[SourceDate "2013.11.20"]
[SourceVersion "1"]
[SourceVersionDate "2013.11.20"]
[SourceQuality "1"]

1. c4 Nf6 2. Nf3 g6 3. g3 Bg7 4. Bg2 0-0 5. 0-0 d6 6. d4 Nbd7 7. Nc3 e5 8. e4 a6 9. Re1 c6 10. a4 a5 11. h3 Qc7 12. Be3 Re8 13. Qc2 exd4 14. Nxd4 Nc5 15. Rad1 Qe7 16. Bf4 Nh5 17. Nf5 gxf5 18. Bxd6 Qg5 19. h4 Qg6 20. Bxc5 fxe4 21. Bxe4 Rxe4 22. Rd8+ 1-0